000 00947nam a2200241Ia 4500
003 IN-BaIIA
008 211028s9999 xx 000 0 eng d
020 _a3-540-00205-7
040 _cIIA Library
080 _a524.7(082.2)
_bTHE
111 _aEuropean Southern Observatory and Universitats-Sternwarte Muchen Workshop
_cVenice, Italy
_d2001 Oct. 24-26
_927228
245 4 _aThe Mass of galaxies at low and high redshift
_bproceedings of the european southern observatory and universitats-sternwarte muchen workshop held in Venice, Italy, October 24-26, 2001
_cedited by Ralf Bender and Alvio Renzini
260 _aBerlin
_bSpringer-Verlag
_c2003
300 _axxii, 363p.
490 _aESO astrophysics symposia
650 _aBHB stars
_927229
650 _aDark matter
_914945
650 _aGalaxy masses
_927230
650 _aMilky way
_96712
700 _aBender, Ralf, ed.
_927231
700 _aRenzini, Alvio., ed.
_911645
942 _cBK
999 _c15012
_d15012